The electronics handbook-(E-BOOK) (Record no. 191771)
[ view plain ]
| 000 -LEADER | |
|---|---|
| fixed length control field | 01507 a2200253 4500 |
| 003 - CONTROL NUMBER IDENTIFIER | |
| control field | Nust |
| 005 - DATE AND TIME OF LATEST TRANSACTION | |
| control field | 20170207154023.0 |
| 020 ## - INTERNATIONAL STANDARD BOOK NUMBER | |
| International Standard Book Number | 0-8493-1889-0 : |
| 035 ## - SYSTEM CONTROL NUMBER | |
| System control number | (Uk)0849318890 |
| 040 ## - CATALOGING SOURCE | |
| Transcribing agency | Nust |
| 082 04 - DEWEY DECIMAL CLASSIFICATION NUMBER | |
| Classification number | 621.381 |
| 245 14 - TITLE STATEMENT | |
| Title | The electronics handbook-(E-BOOK) |
| Statement of responsibility, etc. | editor-in-chief Jerry C. Whitaker |
| 250 ## - EDITION STATEMENT | |
| Edition statement | 2. ed. |
| 260 ## - PUBLICATION, DISTRIBUTION, ETC. | |
| Place of publication, distribution, etc. | Boca Raton, Fla. ; |
| -- | London : |
| Name of publisher, distributor, etc. | Taylor & Francis, |
| Date of publication, distribution, etc. | 2005 |
| 300 ## - PHYSICAL DESCRIPTION | |
| Extent | xxvi, 2608 s. : |
| Other physical details | ill. ; |
| Dimensions | 26 cm |
| 440 #4 - SERIES STATEMENT/ADDED ENTRY--TITLE | |
| Title | The electrical engineering handbook series, |
| 500 ## - GENERAL NOTE | |
| General note | Previous ed.: 1996. |
| 505 0# - FORMATTED CONTENTS NOTE | |
| Formatted contents note | 1. Fundamental electrical theory -- 2. Properties of materials and components -- 3. Properties of passive components -- 4. Passive electrical circuit -- 5. Electron vacuum devices -- 6. Microwave vacuum devices -- 7. Semiconductor devices and circuits -- 8. Microelectronics -- 9. Optoelectronics -- 10. Power supplies and regulation -- 11. Packaging electronic systems -- 12. Communication principles -- 13. Electromagnetic radiation -- 14. Information recording and storage -- 15. Wired communications systems -- 16. Wireless communications systems -- 17. Radar and radionavigation -- 18. Control and instrumentation technology -- 19. Computer systems -- 20. Signal measurement, analysis and testing -- 21. Reliability engineering -- 22. Safety -- 23. Engineering, management, standardization, and regulation |
| 650 #0 - SUBJECT ADDED ENTRY--TOPICAL TERM | |
| Topical term or geographic name entry element | Electronic circuits |
| 650 #0 - SUBJECT ADDED ENTRY--TOPICAL TERM | |
| Topical term or geographic name entry element | Electronics |
| 650 #0 - SUBJECT ADDED ENTRY--TOPICAL TERM | |
| Topical term or geographic name entry element | Elektronik |
| 651 ## - SUBJECT ADDED ENTRY--GEOGRAPHIC NAME | |
| Geographic name | E-BOOK |
| 700 1# - ADDED ENTRY--PERSONAL NAME | |
| Personal name | Whitaker, Jerry C. |
| Relator code | edt |
| 942 ## - ADDED ENTRY ELEMENTS (KOHA) | |
| Source of classification or shelving scheme | |
| Koha item type | Book |
| Withdrawn status | Lost status | Source of classification or shelving scheme | Damaged status | Not for loan | Collection code | Permanent Location | Current Location | Date acquired | Total Checkouts | Full call number | Barcode | Date last seen | Price effective from | Koha item type |
|---|---|---|---|---|---|---|---|---|---|---|---|---|---|---|
| Military College of Signals (MCS) | Military College of Signals (MCS) | 12/12/2016 | 621.381 WHI | MCSEB-781 | 12/08/2016 | 12/12/2016 | Book |
